Największe miasta we Włoszech zawierające literę - Statystyki

Ogólne statystyki
  • Ten quiz został rozwiązany 262 razy
  • Średni wynik to 18 z 26
Statystyki odpowiedzi
Litera Miasto % Poprawnych
M Rzym
99%
R Rzym
99%
Y Rzym
99%
Z Rzym
99%
A Mediolan
96%
D Mediolan
96%
E Mediolan
96%
I Mediolan
96%
L Mediolan
96%
N Mediolan
96%
O Mediolan
96%
P Neapol
89%
T Turyn
87%
U Turyn
87%
C Florencja
76%
F Florencja
76%
J Florencja
76%
B Bolonia
65%
G Genua
59%
W Werona
52%
K Katania
39%
S Mesyna
13%
Ż Asyż
12%
V Livorno
12%
Q L'Aquila
2%
H Bagheria
1%
Nie znaleziono quizów pasujących do podanych kryteriów
Rozkład punktacji
Procent ludzi z każdym wynikiem
Percentyl według liczby udzielonych odpowiedzi
Twoja historia wyników
Nie rozwiązałeś tego quizu